[Event "Championnat de France - Vétérans"]
[Site "Aix-les-Bains"]
[Date "2007.08.14"]
[Round "1.1"]
[White "Deveau, Henri"]
[Black "Vaisman, Volodia"]
[Result "0-1"]
[WhiteElo "1810"]
[BlackElo "2346"]
[PlyCount "78"]
[EventDate "2007.??.??"]

1. e4 e6 2. d4 c5 3. Nf3 cxd4 4. Nxd4 Nf6 5. Nc3 d6 6. Be2 a6 7. O-O Nbd7 8.
Kh1 b5 9. a3 Bb7 10. f3 Be7 11. g4 h6 12. Be3 Rc8 13. Kg1 Nb6 14. Qd2 Nc4 15.
Bxc4 Rxc4 16. h4 Nh7 17. h5 Nf6 18. Nce2 Nd7 19. Ng3 Ne5 20. c3 Rc8 21. Rad1
Qc7 22. Qe2 Qc4 23. Qxc4 Nxc4 24. Bc1 O-O 25. Rde1 Bf6 26. Nge2 Rfd8 27. b3 Ne5
28. Rd1 Nd7 29. Be3 Nc5 30. b4 Na4 31. Rc1 d5 32. exd5 Bxd5 33. f4 Bc4 34. Rfd1
Bxe2 35. Nxe2 Rxd1+ 36. Rxd1 Nxc3 37. Nxc3 Rxc3 38. g5 Rxe3 39. gxf6 gxf6 0-1

[Event "Championnat de France - Vétérans"]
[Site "Aix-les-Bains"]
[Date "2007.08.14"]
[Round "1.2"]
[White "Goldenberg, Richard"]
[Black "Lagasse, Andre"]
[Result "1-0"]
[WhiteElo "2322"]
[BlackElo "1799"]
[PlyCount "37"]
[EventDate "2007.??.??"]

1. c4 Nf6 2. Nf3 e6 3. g3 d5 4. Bg2 Bd6 5. O-O O-O 6. d4 c6 7. Nbd2 Nbd7 8. Qc2
e5 9. dxe5 Nxe5 10. Nxe5 Bxe5 11. Nf3 Re8 12. Rd1 Qb6 13. cxd5 Nxd5 14. Nxe5
Rxe5 15. e4 Nf6 16. Be3 Qa5 17. Bd4 Re6 18. Bc3 Qc5 19. Bxf6 1-0

[Event "Championnat de France - Vétérans"]
[Site "Aix-les-Bains"]
[Date "2007.08.14"]
[Round "1.3"]
[White "Mercier, Pierre"]
[Black "Hoyer, Hans-Gerd"]
[Result "0-1"]
[WhiteElo "1792"]
[BlackElo "2137"]
[PlyCount "126"]
[EventDate "2007.??.??"]

1. d4 g6 2. c4 Bg7 3. Nc3 d6 4. e4 Nc6 5. d5 Nd4 6. Nge2 c5 7. Nxd4 cxd4 8. Nb5
Qb6 9. Bd3 a6 10. Na3 Nf6 11. O-O O-O 12. b3 Nd7 13. Bb2 Nc5 14. Nc2 e5 15.
dxe6 Nxe6 16. Qd2 Bd7 17. Rfd1 Bc6 18. Kh1 Be5 19. Nb4 a5 20. Nd5 Bxd5 21. exd5
Nf4 22. g3 Nh5 23. Bc2 Rfe8 24. Kg2 Nf6 25. Bxd4 Bxd4 26. Qxd4 Qxd4 27. Rxd4
Re2 28. Rc1 h5 29. h3 Rae8 30. a3 Nd7 31. Kf1 Kg7 32. b4 b6 33. Ba4 R2e7 34. c5
bxc5 35. bxc5 Nxc5 36. Bxe8 Nb3 37. Rcd1 Nxd4 38. Rxd4 Rxe8 39. Ra4 Ra8 40. Ke2
Kf6 41. f4 Kf5 42. Kf3 Kf6 43. Ke4 g5 44. g4 hxg4 45. hxg4 Re8+ 46. Kf3 Ra8 47.
fxg5+ Kxg5 48. Rf4 f6 49. Rf5+ Kg6 50. Rf4 Rc8 51. Ra4 Rc5 52. Ke4 Kg5 53. Kd4
Kxg4 54. Rc4 Rxc4+ 55. Kxc4 f5 56. Kb5 f4 57. Kc6 f3 58. Kxd6 f2 59. Ke7 f1=Q
60. d6 Qe2+ 61. Kd8 Kf5 62. d7 Ke6 63. Kc7 Qc4+ 0-1

[Event "Championnat de France - Vétérans"]
[Site "Aix-les-Bains"]
[Date "2007.08.14"]
[Round "1.4"]
[White "Lapierre, Jacques"]
[Black "Delhom, Raoul"]
[Result "0-1"]
[WhiteElo "2030"]
[BlackElo "1791"]
[PlyCount "78"]
[EventDate "2007.??.??"]

1. h3 d6 2. d4 Nf6 3. Bf4 g6 4. e3 Bg7 5. Nf3 Nbd7 6. Nbd2 O-O 7. c3 b6 8. Bd3
Bb7 9. O-O Qe8 10. Bh2 e5 11. Bb5 a6 12. Ba4 e4 13. Ne1 Qe7 14. Bb3 d5 15. Nc2
c5 16. a4 a5 17. Na3 Bc6 18. Qe2 c4 19. Bc2 Nh5 20. f3 f5 21. fxe4 fxe4 22.
Naxc4 Rxf1+ 23. Rxf1 Rf8 24. Na3 Rxf1+ 25. Nxf1 Nf8 26. Qa6 Qd8 27. Qa7 Ne6 28.
Qb8 Bf8 29. Qa7 Nhg7 30. c4 Nf5 31. cxd5 Bxd5 32. Nb5 Bh6 33. Kf2 Nxe3 34. Nxe3
Bxe3+ 35. Kxe3 Qg5+ 36. Ke2 Qxg2+ 37. Ke1 Qh1+ 38. Kd2 Qxh2+ 39. Kc1 Qf4+ 0-1

[Event "Championnat de France - Vétérans"]
[Site "Aix-les-Bains"]
[Date "2007.08.14"]
[Round "1.5"]
[White "Diaferia, Joseph"]
[Black "Andrieu, Philippe"]
[Result "1/2-1/2"]
[WhiteElo "1790"]
[BlackElo "2028"]
[PlyCount "146"]
[EventDate "2007.??.??"]

1. e4 d5 2. exd5 Nf6 3. Nf3 Nxd5 4. c4 Nf6 5. d4 Bg4 6. Be2 e6 7. O-O c6 8. Nc3
Bd6 9. Be3 O-O 10. h3 Bh5 11. a4 Nbd7 12. Qc2 Re8 13. c5 Bc7 14. b4 Qe7 15. a5
e5 16. a6 bxa6 17. Rxa6 e4 18. Nd2 Bxe2 19. Nxe2 Nd5 20. Qb3 Nb8 21. Ra4 Qe6
22. Nc3 Nxc3 23. Qxc3 Nd7 24. Qc4 Qf6 25. d5 Ne5 26. Qxe4 cxd5 27. Qxd5 Rad8
28. Qe4 Ng6 29. Qf3 Qe5 30. g3 Bb8 31. b5 Qc7 32. Nc4 Qd7 33. Nd6 Ne5 34. Qf5
Re6 35. Rfa1 Rxd6 36. Qxd7 R6xd7 37. c6 Rd1+ 38. Kg2 Rxa1 39. Rxa1 Kf8 40. Bxa7
Bd6 41. Rc1 f6 42. c7 Rc8 43. b6 Nd7 44. Rd1 Ke7 45. Re1+ Kf7 46. Rd1 Ke6 47.
Re1+ Kd5 48. Rd1+ Kc6 49. Kf3 Ne5+ 50. Ke4 Bb4 51. Rb1 Nd7 52. Rxb4 Nc5+ 53.
Kf3 Kb7 54. Rc4 Nd7 55. Rb4 Ne5+ 56. Ke3 Nc6 57. Re4 Nxa7 58. bxa7 Rxc7 59. Ra4
Ka8 60. f4 Rc3+ 61. Kf2 Rc2+ 62. Kf3 Rc7 63. Kg4 Rc5 64. h4 h5+ 65. Kf3 f5 66.
Rd4 Rc3+ 67. Kg2 Rc7 68. Rd5 g6 69. Rd2 Kxa7 70. Rd6 Rg7 71. Kf2 Kb7 72. Ke3
Kc7 73. Ra6 Kb7 1/2-1/2

[Event "Championnat de France - Vétérans"]
[Site "Aix-les-Bains"]
[Date "2007.08.14"]
[Round "1.6"]
[White "Rosenfeld, Imre"]
[Black "Lezot, Pierre"]
[Result "1-0"]
[WhiteElo "2026"]
[BlackElo "1786"]
[PlyCount "67"]
[EventDate "2007.??.??"]

1. d4 Nf6 2. Nf3 g6 3. Nbd2 d5 4. e3 Bg7 5. Be2 O-O 6. O-O Nbd7 7. c3 Re8 8. b4
e5 9. a4 e4 10. Ne1 Nf8 11. Ba3 Bd7 12. Qb3 Bg4 13. Bxg4 Nxg4 14. c4 c6 15. Rc1
Nf6 16. Nc2 dxc4 17. Qxc4 Nd5 18. Na1 Nd7 19. Rc2 Bf8 20. Qb3 N7f6 21. Nc4 Re6
22. Rfc1 Rc8 23. b5 Bxa3 24. Nxa3 Qe8 25. Nc4 Ne7 26. Nd2 Qd7 27. Nc4 Qd5 28.
Ne5 Rxe5 29. dxe5 Qxb3 30. Nxb3 Ng4 31. Rc4 f5 32. exf6 Nxf6 33. bxc6 Nxc6 34.
Na5 1-0

[Event "Championnat de France - Vétérans"]
[Site "Aix-les-Bains"]
[Date "2007.08.14"]
[Round "1.7"]
[White "Doucin, Paul"]
[Black "Birens, Eric-Andre"]
[Result "0-1"]
[WhiteElo "1778"]
[BlackElo "2021"]
[PlyCount "46"]
[EventDate "2007.??.??"]

1. e4 c5 2. Nf3 d6 3. d4 cxd4 4. Nxd4 Nf6 5. Nc3 a6 6. Bc4 e6 7. Bb3 Be7 8. f4
O-O 9. f5 e5 10. Nf3 b5 11. Qd3 Nbd7 12. Nd5 Bb7 13. Qe2 Bxd5 14. exd5 Nc5 15.
O-O Nxb3 16. axb3 Nxd5 17. Rd1 Qb6+ 18. Kh1 Nf6 19. Be3 Qc7 20. h3 d5 21. Bf2
Bd6 22. g4 h6 23. Bh4 Ne4 0-1

[Event "Championnat de France - Vétérans"]
[Site "Aix-les-Bains"]
[Date "2007.08.14"]
[Round "1.8"]
[White "Guillaumat, Jean-Pierre"]
[Black "Collin, Jacques"]
[Result "1-0"]
[WhiteElo "2015"]
[BlackElo "1770"]
[PlyCount "79"]
[EventDate "2007.??.??"]

1. d4 Nf6 2. Nf3 g6 3. c4 d6 4. Nc3 Bg7 5. e4 c5 6. d5 O-O 7. Be2 Re8 8. O-O e6
9. Bg5 exd5 10. exd5 a6 11. a4 Nbd7 12. Qd2 Ne5 13. h3 Nxf3+ 14. Bxf3 Qc7 15.
Qf4 Nd7 16. Bh6 Be5 17. Rfe1 Qd8 18. Qd2 Nf6 19. Bg5 Bd7 20. Ne4 Kg7 21. a5 b5
22. axb6 Qxb6 23. Bxf6+ Bxf6 24. Nxf6 Kxf6 25. Qc3+ Re5 26. Bg4 Qb4 27. Qxb4
cxb4 28. Bxd7 a5 29. b3 h5 30. f4 Rxe1+ 31. Rxe1 Ra7 32. Ba4 Re7 33. Rxe7 Kxe7
34. Kf2 f6 35. h4 Kd8 36. Ke3 Ke7 37. Kd4 Kd8 38. c5 dxc5+ 39. Kxc5 Ke7 40. d6+
1-0

[Event "Championnat de France - Vétérans"]
[Site "Aix-les-Bains"]
[Date "2007.08.14"]
[Round "1.9"]
[White "Paccard, Jacques"]
[Black "Peyrin, Jean"]
[Result "0-1"]
[WhiteElo "1767"]
[BlackElo "2011"]
[PlyCount "84"]
[EventDate "2007.??.??"]

1. e4 c5 2. c4 Nc6 3. Nc3 g6 4. g3 Bg7 5. Bg2 e6 6. d3 Nge7 7. Nge2 O-O 8. O-O
b6 9. Be3 Nd4 10. Qd2 Bb7 11. Bxd4 cxd4 12. Nd1 d5 13. cxd5 exd5 14. exd5 Bxd5
15. Bxd5 Qxd5 16. b3 Qd6 17. Nb2 Nd5 18. Nc4 Qd7 19. Kg2 h5 20. Qb2 Nc3 21. h3
b5 22. Na3 Qf5 23. Nxc3 dxc3 24. Qc2 Qc5 25. Nb1 b4 26. Nd2 Qd5+ 27. Nf3 Rfd8
28. Rad1 Bh6 29. Rfe1 Re8 30. Re4 a5 31. Rde1 Red8 32. Rd4 Qb7 33. Rde4 Rd7 34.
Qe2 Rad8 35. Re8+ Kh7 36. Rxd8 Rxd8 37. Qc2 Qd5 38. Re5 Qxd3 39. Re2 Qxc2 40.
Rxc2 Rd1 41. g4 hxg4 42. hxg4 Bf4 0-1

[Event "Championnat de France - Vétérans"]
[Site "Aix-les-Bains"]
[Date "2007.08.14"]
[Round "1.10"]
[White "Graille, Michel"]
[Black "Bernieri, Francois"]
[Result "1-0"]
[WhiteElo "2010"]
[BlackElo "1760"]
[PlyCount "57"]
[EventDate "2007.??.??"]

1. d4 d5 2. c4 c6 3. Nf3 Nf6 4. Nc3 dxc4 5. a4 e6 6. e3 Bb4 7. Bxc4 Qa5 8. Bd2
O-O 9. O-O Nbd7 10. e4 Nb6 11. Bd3 h6 12. Qe2 Qh5 13. Rab1 c5 14. e5 Nfd5 15.
dxc5 Nxc3 16. Bxc3 Bxc5 17. Rbc1 Nd5 18. Bd2 Bb4 19. Qe4 Qf5 20. Qd4 Qh5 21.
Bxb4 Rd8 22. Bd6 Bd7 23. b4 Rdc8 24. b5 f6 25. exf6 Nxf6 26. Be7 Re8 27. Bxf6
gxf6 28. Qxd7 Rad8 29. Qh7+ 1-0

[Event "Championnat de France - Vétérans"]
[Site "Aix-les-Bains"]
[Date "2007.08.15"]
[Round "2.1"]
[White "Vaisman, Volodia"]
[Black "Koenig, Joel"]
[Result "1-0"]
[WhiteElo "2346"]
[BlackElo "1905"]
[PlyCount "75"]
[EventDate "2007.??.??"]

1. Nf3 Nc6 2. d4 d5 3. c4 Bg4 4. cxd5 Bxf3 5. dxc6 Bxc6 6. Nc3 e6 7. e4 Bb4 8.
f3 Nf6 9. Be3 Qd7 10. Bc4 a6 11. O-O O-O 12. Qe2 b5 13. Bb3 Ba5 14. a3 Bb6 15.
Rfd1 Bb7 16. Rd2 Rfd8 17. Rad1 Qe7 18. Kh1 Ba5 19. Rd3 b4 20. Nb1 bxa3 21. Nxa3
Bb4 22. Nc2 a5 23. Bc4 Bxe4 24. fxe4 Nxe4 25. Bf4 f5 26. Nxb4 axb4 27. h3 Kh8
28. Kh2 Rd6 29. Re3 Rc6 30. Rxe4 fxe4 31. Qxe4 Qf8 32. Bd3 Qf5 33. Qf3 Qf6 34.
Be4 Rf8 35. Bxc6 Qxf4+ 36. Qxf4 Rxf4 37. Kg3 Rf6 38. Rc1 1-0

[Event "Championnat de France - Vétérans"]
[Site "Aix-les-Bains"]
[Date "2007.08.15"]
[Round "2.2"]
[White "Collin, Jean"]
[Black "Goldenberg, Richard"]
[Result "0-1"]
[WhiteElo "1879"]
[BlackElo "2322"]
[PlyCount "48"]
[EventDate "2007.??.??"]

1. d4 g6 2. c4 Bg7 3. Nc3 c5 4. d5 Bxc3+ 5. bxc3 f5 6. f3 e5 7. Nh3 d6 8. Nf2
Nf6 9. Qc2 O-O 10. e4 fxe4 11. Nxe4 Nxe4 12. Qxe4 Bf5 13. Qe3 e4 14. f4 Nd7 15.
Be2 Qh4+ 16. g3 Qh3 17. Bf1 Qh6 18. Be2 Nf6 19. Bd2 Ng4 20. Qg1 e3 21. Bxe3
Nxe3 22. Qxe3 Rae8 23. Qf3 Be4 24. Qf1 Bd3 0-1

[Event "Championnat de France - Vétérans"]
[Site "Aix-les-Bains"]
[Date "2007.08.15"]
[Round "2.3"]
[White "Hoyer, Hans-Gerd"]
[Black "Mengus, Charles"]
[Result "1-0"]
[WhiteElo "2137"]
[BlackElo "1878"]
[PlyCount "61"]
[EventDate "2007.??.??"]

1. e4 e5 2. Nf3 Nc6 3. d3 Be7 4. g3 d6 5. Bg2 Nf6 6. O-O h6 7. Nbd2 Be6 8. c3
Qd7 9. d4 exd4 10. cxd4 Bh3 11. Re1 Bxg2 12. Kxg2 O-O 13. Qb3 Na5 14. Qd3 Nc6
15. Qb3 Na5 16. Qc3 b6 17. b4 Nb7 18. d5 Rfc8 19. Nd4 c5 20. dxc6 Qc7 21. Bb2
Nd8 22. b5 Ne6 23. Nxe6 fxe6 24. f4 Bf8 25. Nf3 Qf7 26. Rad1 Qh5 27. Qb3 Re8
28. Bxf6 gxf6 29. f5 a6 30. fxe6 Qxb5 31. e7+ 1-0

[Event "Championnat de France - Vétérans"]
[Site "Aix-les-Bains"]
[Date "2007.08.15"]
[Round "2.4"]
[White "Danzanvilliers, Patrice"]
[Black "Rosenfeld, Imre"]
[Result "1/2-1/2"]
[WhiteElo "1858"]
[BlackElo "2026"]
[PlyCount "80"]
[EventDate "2007.??.??"]

1. e4 e6 2. d4 d5 3. Nc3 Bb4 4. e5 c5 5. a3 Bxc3+ 6. bxc3 Qc7 7. Qg4 f5 8. Qg3
cxd4 9. cxd4 Ne7 10. Qd3 b6 11. Nf3 Ba6 12. Qd1 Bxf1 13. Kxf1 O-O 14. g3 Nd7
15. Bb2 Rfc8 16. Rc1 Nf8 17. Kg2 Qb7 18. Nd2 Nc6 19. Qf3 Na5 20. c4 dxc4 21.
Qxb7 Nxb7 22. Nxc4 b5 23. Nd2 Na5 24. Rhd1 Nd7 25. Bc3 Nc4 26. Nxc4 Rxc4 27.
Bb2 Nb6 28. Rd3 Rac8 29. Rdc3 Na4 30. Rxc4 Rxc4 31. Rxc4 bxc4 32. Bc1 c3 33.
Kf3 Nb2 34. Ke3 Kf7 35. f4 Ke7 36. d5 exd5 37. Kd4 Ke6 38. Kxc3 Nd1+ 39. Kd4
Nf2 40. Be3 Ne4 1/2-1/2

[Event "Championnat de France - Vétérans"]
[Site "Aix-les-Bains"]
[Date "2007.08.15"]
[Round "2.5"]
[White "Birens, Eric-Andre"]
[Black "Vincent, Bernard"]
[Result "1-0"]
[WhiteElo "2021"]
[BlackElo "1856"]
[PlyCount "89"]
[EventDate "2007.??.??"]

1. d4 e6 2. c4 d5 3. Nc3 Be7 4. Nf3 Nf6 5. e3 O-O 6. b3 b6 7. Bd3 Bb7 8. Bb2
Nbd7 9. O-O Re8 10. Qe2 a6 11. Rfd1 Bd6 12. e4 dxe4 13. Nxe4 Nxe4 14. Bxe4 Bxe4
15. Qxe4 f5 16. Qc2 Qe7 17. Re1 Qf7 18. Re2 Qh5 19. Rae1 Bb4 20. Bc3 Bxc3 21.
Qxc3 Qg6 22. Ne5 Nxe5 23. Rxe5 Re7 24. Qf3 Rae8 25. h3 Qf6 26. R1e3 Kf7 27. d5
g6 28. dxe6+ Rxe6 29. Rxe6 Rxe6 30. Qd5 c6 31. Qd2 Rd6 32. Qe2 Re6 33. c5 b5
34. Qd2 Qe7 35. Rxe6 Qxe6 36. Kf1 Ke7 37. Qh6 Qf7 38. Qh4+ Kd7 39. Qd4+ Qd5 40.
Qxd5+ cxd5 41. b4 g5 42. Ke2 h5 43. Kd3 h4 44. Kd4 Ke6 45. f3 1-0

[Event "Championnat de France - Vétérans"]
[Site "Aix-les-Bains"]
[Date "2007.08.15"]
[Round "2.6"]
[White "Olivier, Jean"]
[Black "Guillaumat, Jean-Pierre"]
[Result "1/2-1/2"]
[WhiteElo "1853"]
[BlackElo "2015"]
[PlyCount "68"]
[EventDate "2007.??.??"]

1. Nf3 c5 2. b3 Nf6 3. Bb2 Nc6 4. e3 e6 5. Be2 d5 6. d3 Bd6 7. O-O O-O 8. Nbd2
e5 9. h3 h6 10. a3 Be6 11. c4 d4 12. Qc2 Nh7 13. Ne4 Be7 14. exd4 exd4 15. Rae1
Rb8 16. Bc1 f5 17. Ng3 Qd6 18. Bd2 Rbe8 19. Qc1 g5 20. Nh2 Ne5 21. f4 Ng6 22.
Bh5 Kg7 23. Bxg6 Kxg6 24. Nf3 Bd8 25. Ne5+ Kg7 26. Nh5+ Kg8 27. Ng6 Bf7 28.
Nxf8 Kxf8 29. Rxe8+ Bxe8 30. Ng3 Bd7 31. Qe1 Bc7 32. Qe5 Qxe5 33. fxe5 f4 34.
Ne4 b6 1/2-1/2

[Event "Championnat de France - Vétérans"]
[Site "Aix-les-Bains"]
[Date "2007.08.15"]
[Round "2.7"]
[White "Peyrin, Jean"]
[Black "Maury, Claude"]
[Result "1/2-1/2"]
[WhiteElo "2011"]
[BlackElo "1841"]
[PlyCount "40"]
[EventDate "2007.??.??"]

1. d4 d5 2. Nf3 Nc6 3. Bf4 Bf5 4. e3 a6 5. c4 e6 6. Nc3 Nf6 7. Be2 dxc4 8. Bxc4
Bd6 9. Bg5 Be7 10. O-O h6 11. Bh4 g5 12. Bg3 Nb4 13. Rc1 Rg8 14. Ne5 Nbd5 15.
Bd3 Bxd3 16. Qxd3 Bd6 17. Ne4 Nxe4 18. Qxe4 f5 19. Qf3 g4 20. Qd1 c6 1/2-1/2

[Event "Championnat de France - Vétérans"]
[Site "Aix-les-Bains"]
[Date "2007.08.15"]
[Round "2.8"]
[White "Blum, Pierre"]
[Black "Graille, Michel"]
[Result "1/2-1/2"]
[WhiteElo "1835"]
[BlackElo "2010"]
[PlyCount "29"]
[EventDate "2007.??.??"]

1. e4 Nf6 2. Nc3 d6 3. d4 c6 4. Be2 Qa5 5. Bd2 e5 6. Nf3 Qc7 7. O-O Be7 8. Bg5
O-O 9. Bxf6 Bxf6 10. d5 Be7 11. Bd3 Nd7 12. b4 Nb6 13. Qd2 h6 14. a4 Bg4 15.
Be2 1/2-1/2

[Event "Championnat de France - Vétérans"]
[Site "Aix-les-Bains"]
[Date "2007.08.15"]
[Round "2.9"]
[White "Cousin, Philippe"]
[Black "Marbot, Raymond"]
[Result "1/2-1/2"]
[WhiteElo "2004"]
[BlackElo "1834"]
[PlyCount "70"]
[EventDate "2007.??.??"]

1. d4 Nf6 2. Nf3 e6 3. c4 b6 4. Nc3 Bb7 5. Qc2 Bb4 6. e3 O-O 7. Bd3 d5 8. a3
Bxc3+ 9. bxc3 dxc4 10. Bxc4 Nbd7 11. Bd3 c5 12. Bb2 h6 13. Rc1 Qc7 14. Qe2 Rfe8
15. O-O e5 16. dxe5 Bxf3 17. Qxf3 Nxe5 18. Qe2 Nxd3 19. Qxd3 Rad8 20. Qe2 Ne4
21. Rcd1 Rxd1 22. Rxd1 Rd8 23. c4 Rxd1+ 24. Qxd1 Qd6 25. Qg4 Ng5 26. h4 Ne6 27.
Qf3 Qd8 28. g3 Kf8 29. Kg2 Ke7 30. Qe4 f6 31. Qc2 Qd7 32. Bc3 Nf8 33. Qe4+ Qe6
34. Qc2 Qd7 35. Qe4+ Qe6 1/2-1/2

[Event "Championnat de France - Vétérans"]
[Site "Aix-les-Bains"]
[Date "2007.08.16"]
[Round "3.1"]
[White "Oger, Claude"]
[Black "Vaisman, Volodia"]
[Result "0-1"]
[WhiteElo "1999"]
[BlackElo "2346"]
[PlyCount "130"]
[EventDate "2007.??.??"]

1. d4 Nf6 2. Nf3 d6 3. Nc3 Bg4 4. e4 e6 5. Be2 c6 6. Be3 Be7 7. h3 Bh5 8. O-O
O-O 9. e5 dxe5 10. Nxe5 Bxe2 11. Qxe2 Nbd7 12. Rad1 Nd5 13. Ne4 Nxe5 14. dxe5
Qa5 15. Bd2 Qc7 16. c4 Nb6 17. Bc3 Rfd8 18. b3 Rxd1 19. Rxd1 Rd8 20. Rxd8+ Qxd8
21. a4 c5 22. Qd2 Qxd2 23. Nxd2 Nd7 24. Nf3 Bd8 25. Kf1 Bc7 26. Ke2 f6 27. Ke3
Kf7 28. exf6 gxf6 29. Nd2 Bd6 30. g4 Kg6 31. Ne4 Be7 32. f4 h5 33. Ng3 hxg4 34.
hxg4 f5 35. gxf5+ exf5 36. Kf3 Nb8 37. Nf1 Nc6 38. Ne3 Bf6 39. Bxf6 Kxf6 40.
Nc2 Na5 41. Na1 Ke6 42. Ke3 Kf6 43. Kf3 a6 44. Ke3 Kg6 45. Kf2 Kh5 46. Kf3 Kh4
47. Nc2 Nxb3 48. Ne3 Nd4+ 49. Kf2 Kh5 50. Nd5 Kg4 51. Ke3 Nc2+ 52. Kd2 Nb4 53.
Ke3 Nc2+ 54. Kd2 Nd4 55. Ke3 Ne6 56. Nf6+ Kg3 57. Nh5+ Kh4 58. Nf6 a5 59. Nd5
Kg3 60. Ne7 Nd4 61. Nxf5+ Nxf5+ 62. Ke4 Kg4 63. Kd5 b6 64. Kc6 Nd4+ 65. Kxb6
Nb3 0-1

[Event "Championnat de France - Vétérans"]
[Site "Aix-les-Bains"]
[Date "2007.08.16"]
[Round "3.2"]
[White "Goldenberg, Richard"]
[Black "Brixhe, Abel"]
[Result "1-0"]
[WhiteElo "2322"]
[BlackElo "1960"]
[PlyCount "49"]
[EventDate "2007.??.??"]

1. d4 d6 2. c4 c6 3. Nc3 Nf6 4. e4 a6 5. f4 Qc7 6. e5 Ng8 7. Nf3 Bg4 8. Be2 e6
9. O-O d5 10. Ng5 Bxe2 11. Qxe2 h6 12. Qh5 g6 13. Qh3 Ne7 14. f5 gxf5 15. Qh5
Ng6 16. Nxe6 fxe6 17. cxd5 cxd5 18. Nxd5 exd5 19. Qxg6+ Qf7 20. Qb6 Nc6 21. Bd2
Bg7 22. Bb4 Rd8 23. Bc5 Bf8 24. e6 Bxc5 25. exf7+ 1-0

[Event "Championnat de France - Vétérans"]
[Site "Aix-les-Bains"]
[Date "2007.08.16"]
[Round "3.3"]
[White "Rodriguez, Jean-Pierre"]
[Black "Hoyer, Hans-Gerd"]
[Result "1-0"]
[WhiteElo "1915"]
[BlackElo "2137"]
[PlyCount "99"]
[EventDate "2007.??.??"]

1. c4 g6 2. g3 Bg7 3. Bg2 d6 4. d4 Nd7 5. Nf3 c6 6. O-O e5 7. Nc3 Ngf6 8. e4
O-O 9. Qc2 Re8 10. Rd1 Qe7 11. Be3 Ng4 12. Bg5 f6 13. Bd2 Nb6 14. b3 exd4 15.
Nxd4 f5 16. Be1 fxe4 17. Bxe4 Nf6 18. Bg2 Bg4 19. f3 Bd7 20. Bf2 a6 21. Re1 Qf7
22. Rad1 Rxe1+ 23. Rxe1 c5 24. Nde2 Bc6 25. Rd1 Qf8 26. Qd2 d5 27. Nxd5 Nbxd5
28. cxd5 Bxd5 29. Nf4 Bf7 30. Qa5 b5 31. Qb6 c4 32. Ne6 Bxe6 33. Qxe6+ Qf7 34.
Qxf7+ Kxf7 35. f4 Re8 36. bxc4 bxc4 37. Rc1 Rc8 38. Bb7 Rc7 39. Bxa6 c3 40. a4
Ne4 41. Bb6 Rc6 42. a5 Nd2 43. Bb5 Rd6 44. Kg2 g5 45. fxg5 Kg6 46. a6 Nb3 47.
a7 Rd2+ 48. Kh3 Ra2 49. Bd3+ Kxg5 50. Be3+ 1-0

[Event "Championnat de France - Vétérans"]
[Site "Aix-les-Bains"]
[Date "2007.08.16"]
[Round "3.4"]
[White "Duval, Michel"]
[Black "Birens, Eric-Andre"]
[Result "0-1"]
[WhiteElo "1827"]
[BlackElo "2021"]
[PlyCount "80"]
[EventDate "2007.??.??"]

1. e4 c5 2. Nf3 d6 3. Bb5+ Nd7 4. d4 Ngf6 5. Nc3 cxd4 6. Nxd4 a6 7. Bxd7+ Bxd7
8. O-O e6 9. Kh1 Be7 10. f4 h5 11. f5 e5 12. Nf3 Bc6 13. Qe2 Qb6 14. b3 Ng4 15.
h3 Qc5 16. Nd1 d5 17. Nf2 Nxf2+ 18. Qxf2 Qxf2 19. Rxf2 dxe4 20. Nxe5 Bc5 21.
Re2 Bd4 22. Nxc6 Bxa1 23. Rxe4+ Kd7 24. Nd4 Rae8 25. Rxe8 Rxe8 26. Nf3 Re2 27.
Bd2 b5 28. c3 Kd6 29. Kg1 Kd5 30. Kf1 Re7 31. Kf2 Rc7 32. Ng5 Bxc3 33. Bxc3
Rxc3 34. Nxf7 Rc2+ 35. Kf3 Rxa2 36. g4 hxg4+ 37. hxg4 Ra3 38. g5 Rxb3+ 39. Kf4
Rb1 40. Ne5 Rb4+ 0-1

[Event "Championnat de France - Vétérans"]
[Site "Aix-les-Bains"]
[Date "2007.08.16"]
[Round "3.5"]
[White "Dubreuil, Remy"]
[Black "Molet, Asher"]
[Result "1-0"]
[WhiteElo "2004"]
[BlackElo "1924"]
[PlyCount "59"]
[EventDate "2007.??.??"]

1. e4 c5 2. Nf3 Nc6 3. d4 cxd4 4. Nxd4 Nf6 5. Nc3 e5 6. Ndb5 d6 7. Bg5 a6 8.
Bxf6 gxf6 9. Na3 b5 10. Nd5 f5 11. exf5 Bxf5 12. c3 Bg7 13. Nc2 O-O 14. Nce3
Be6 15. g4 Ne7 16. Nxe7+ Qxe7 17. Bg2 Rad8 18. Bd5 Qh4 19. Qf3 Bh6 20. O-O-O
Kh8 21. h3 a5 22. Kb1 Bxe3 23. fxe3 Rb8 24. Rhf1 Kg7 25. g5 Qxh3 26. Qf6+ Kg8
27. Be4 Qh4 28. Bc2 Bh3 29. Rh1 e4 30. Rh2 1-0

[Event "Championnat de France - Vétérans"]
[Site "Aix-les-Bains"]
[Date "2007.08.16"]
[Round "3.6"]
[White "Fouchet, Guy"]
[Black "Andrieu, Philippe"]
[Result "0-1"]
[WhiteElo "1718"]
[BlackElo "2028"]
[PlyCount "62"]
[EventDate "2007.??.??"]

1. e4 d5 2. exd5 Nf6 3. c4 c6 4. d4 cxd5 5. Nc3 Nc6 6. c5 e5 7. Bb5 exd4 8.
Bxc6+ bxc6 9. Qxd4 Be7 10. Nf3 Ba6 11. b4 O-O 12. h3 Nd7 13. Be3 Bf6 14. Qd2
Bc4 15. Rc1 Re8 16. Nd4 Ne5 17. Kd1 Nd3 18. Rb1 Bxd4 19. Bxd4 Qh4 20. g4 Rab8
21. a3 a5 22. b5 cxb5 23. Kc2 b4 24. axb4 axb4 25. Nxd5 Bxd5 26. Kxd3 Be4+ 27.
Kc4 Qe7 28. Rxb4 Qe6+ 29. Kc3 Rxb4 30. Kxb4 Rb8+ 31. Ka5 Qb3 0-1

[Event "Championnat de France - Vétérans"]
[Site "Aix-les-Bains"]
[Date "2007.08.16"]
[Round "3.7"]
[White "Rosenfeld, Imre"]
[Black "Olivier, Jean"]
[Result "1-0"]
[WhiteElo "2026"]
[BlackElo "1853"]
[PlyCount "65"]
[EventDate "2007.??.??"]

1. d4 f5 2. Bg5 g6 3. Nf3 Bg7 4. c3 Nf6 5. Qc2 O-O 6. h4 d5 7. Ne5 Nbd7 8. Bf4
Nxe5 9. Bxe5 Nh5 10. Bxg7 Nxg7 11. Nd2 c6 12. Nf3 Bd7 13. Ne5 Be8 14. e3 e6 15.
g3 Nh5 16. Be2 Nf6 17. O-O Nd7 18. Nd3 Qe7 19. c4 Bf7 20. cxd5 exd5 21. b4 a6
22. Nc5 Nxc5 23. bxc5 Rab8 24. Rab1 Be6 25. Rb6 Qc7 26. Rfb1 Kg7 27. Qb3 Kh6
28. Bxa6 Bc8 29. Bxb7 Bxb7 30. Rxb7 Rxb7 31. Qxb7 Qa5 32. Qe7 Qd8 33. Qxd8 1-0

[Event "Championnat de France - Vétérans"]
[Site "Aix-les-Bains"]
[Date "2007.08.16"]
[Round "3.8"]
[White "Guillaumat, Jean-Pierre"]
[Black "Danzanvilliers, Patrice"]
[Result "1/2-1/2"]
[WhiteElo "2015"]
[BlackElo "1858"]
[PlyCount "70"]
[EventDate "2007.??.??"]

1. d4 Nf6 2. Nf3 b5 3. e3 a6 4. a4 b4 5. c4 bxc3 6. Nxc3 d5 7. Qb3 e6 8. Bd3
Nbd7 9. a5 Rb8 10. Qa4 Rb4 11. Qc2 c5 12. O-O c4 13. Be2 Qc7 14. e4 Nb8 15. e5
Nfd7 16. Bd2 Nc6 17. Na2 Rb5 18. Rfb1 Qb7 19. Nc1 Qc7 20. b3 Nxa5 21. Bxa5 Rxa5
22. Rxa5 Qxa5 23. bxc4 dxc4 24. Qxc4 Qd8 25. d5 exd5 26. Qxd5 Be7 27. e6 fxe6
28. Qxe6 Nc5 29. Qc6+ Bd7 30. Qd5 Be6 31. Qxd8+ Bxd8 32. Nd3 Bf5 33. Rd1 Nxd3
34. Bxd3 Bxd3 35. Rxd3 O-O 1/2-1/2

[Event "Championnat de France - Vétérans"]
[Site "Aix-les-Bains"]
[Date "2007.08.16"]
[Round "3.9"]
[White "Marbot, Raymond"]
[Black "Peyrin, Jean"]
[Result "1-0"]
[WhiteElo "1834"]
[BlackElo "2011"]
[PlyCount "83"]
[EventDate "2007.??.??"]

1. e4 c5 2. Nf3 e6 3. d4 cxd4 4. Nxd4 Nc6 5. Nb5 d6 6. Bf4 e5 7. Be3 Nf6 8.
N1c3 a6 9. Na3 b5 10. Nd5 Nxd5 11. exd5 Ne7 12. c4 bxc4 13. Nxc4 Nf5 14. Bd3
Nxe3 15. fxe3 Qh4+ 16. g3 Qg5 17. O-O Be7 18. Qf3 O-O 19. Bf5 g6 20. Bxc8 Raxc8
21. b3 f5 22. Rad1 Rc5 23. Rf2 h5 24. h4 Qh6 25. Kh1 Rf7 26. e4 Rf8 27. Rdf1 f4
28. Qg2 Kg7 29. Qh3 Rc7 30. gxf4 Rxf4 31. Rxf4 exf4 32. Qh2 Rc8 33. Qxf4 Qxf4
34. Rxf4 g5 35. hxg5 Rf8 36. Rxf8 Bxf8 37. a4 Kg6 38. b4 Kxg5 39. b5 axb5 40.
axb5 Be7 41. b6 Bd8 42. b7 1-0

[Event "Championnat de France - Vétérans"]
[Site "Aix-les-Bains"]
[Date "2007.08.16"]
[Round "3.10"]
[White "Graille, Michel"]
[Black "Fernandez, Clement"]
[Result "1-0"]
[WhiteElo "2010"]
[BlackElo "1713"]
[PlyCount "65"]
[EventDate "2007.??.??"]

1. d4 d5 2. c4 c6 3. Nf3 Nf6 4. Nc3 a6 5. cxd5 cxd5 6. Bf4 Nc6 7. Rc1 Bf5 8. e3
Rc8 9. Be2 e6 10. O-O Bd6 11. Bxd6 Qxd6 12. Na4 O-O 13. Nc5 Rc7 14. Qb3 Qe7 15.
Qb6 Rfc8 16. b4 Nd7 17. Nxd7 Qxd7 18. Rc5 Qe7 19. Rfc1 f6 20. a4 Ra8 21. b5
axb5 22. axb5 Ra2 23. Bf1 Rb2 24. Ne1 Rc8 25. Ra1 e5 26. dxe5 fxe5 27. Rxd5 Be4
28. Rdd1 Qf7 29. f3 Rf8 30. Qc5 Ne7 31. Bc4 Bd5 32. Bxd5 Nxd5 33. Qxd5 1-0